000 00863nam a2200241Ia 4500
001 dia_4357
003 CHAP
005 20251014150821.0
008 220601s9999 xx 000 0 und d
040 _amxchpua
_erda
090 _aFOLLETO 2258
100 _aMosqueda Vázquez, Raul
_979022
245 _aLogros y aportaciones de la investigación agrícola en el cultivo de frutales tropicales y subtropicales / Raul Mosqueda Vázquez
260 _aMéxico : INIA
300 _a56 p.
500 _aS/c (Publicación especial, 97)
650 _a1. Frutas tropicales y subtropicales-Cultivo 2. Agricultura-Investigación
_9176043
700 _aInstituto nacional de investigaciones agrícolas. MéxicoÌ
_9176044
901 _aFOLLETO 2258
902 _aM
905 _a0000001983 mx 0000000000spa00
942 _cFOLL
_2local
999 _c209493
_d209493